Normal view
MARC view
- Holman, J P .
Entry Personal Name
001 - CONTROL NUMBER
- control field: 494
003 - CONTROL NUMBER IDENTIFIER
- control field: OSt
005 - DATE AND TIME OF LATEST TRANSACTION
- control field: 20160617145201.0
008 - FIXED-LENGTH DATA ELEMENTS
- fixed length control field: 160617|| aca||aabn | a|a d
040 ## - CATALOGING SOURCE
- Original cataloging agency: OSt
- Transcribing agency: OSt
100 ## - HEADING--PERSONAL NAME
- Personal name: Holman, J P .
670 ## - SOURCE DATA FOUND
- Source citation: Work cat.: (OSt)10654: Holman, J P ., Heat transfer: In SI Units, 2011
